Department for Levelling Up, Housing and Communities v Grey GR Limited Partnership (Record no. 121930)
[ view plain ]
| 000 -LEADER | |
|---|---|
| fixed length control field | 01200naa a22002057a 4500 |
| 008 - FIXED-LENGTH DATA ELEMENTS--GENERAL INFORMATION | |
| fixed length control field | 240515e20240429xxk||||os||||o00| 0 eng d |
| 041 ## - LANGUAGE CODE | |
| Language code of text/sound track or separate title | eng |
| 245 ## - TITLE STATEMENT | |
| Title | Department for Levelling Up, Housing and Communities v Grey GR Limited Partnership |
| 260 ## - PUBLICATION INFORMATION | |
| Place of publication | CAM/26UH/HYI/2022/0004, |
| Publisher | First-Tier Tribunal Property Chamber, |
| Date | 29 April 2024 |
| 520 ## - ABSTRACT | |
| Abstract | CAM/26UH/HYI/2022/0004. Property: Vista Tower, Stevenage SG1 1AR. • Court rules in favour of government in legal case forcing freeholder Grey GR, owned by Railpen, to fix safety issues at Vista Tower. Judgment gives tower residents assurance through the Court that their homes will be made safe without further delay. The Vista Tower case was the first legal action brought by the Government under powers introduced through the Building Safety Act<br/><br/> |
| 650 ## - KEYWORDS | |
| Keywords | BUILDING SAFETY ACT 2022 |
| 650 ## - KEYWORDS | |
| Keywords | CLADDING |
| 650 ## - KEYWORDS | |
| Keywords | FIRE SAFETY |
| 650 ## - KEYWORDS | |
| Keywords | JUDGMENT |
| 650 ## - KEYWORDS | |
| Keywords | LANDLORD AND TENANT ACT 1985 |
| 650 ## - KEYWORDS | |
| Keywords | REMEDIATION |
| 650 ## - KEYWORDS | |
| Keywords | REMEDIATION ORDERS |
| 651 ## - SUBJECT ADDED ENTRY--GEOGRAPHIC NAME | |
| Geographic name | United Kingdom |
| 856 ## - ONLINE RESOURCE | |
| Uniform Resource Identifier | https://assets.publishing.service.gov.uk/media/6643319a4f29e1d07fadc67e/Vista_Tower_Final_Full_decision.pdf |
| Public note | Available from FTT |
| Withdrawn status | Lost status | Damaged status | Koha normalized classification for sorting | Not for loan | Home library | Current library | Shelving location | Date acquired | Total Checkouts | Full call number | Date last seen | Price effective from | Koha item type |
|---|---|---|---|---|---|---|---|---|---|---|---|---|---|
| ONLINE_JUDGMENT | Virtual | Virtual | Online | 15/05/2024 | ONLINE JUDGMENT | 15/05/2024 | 15/05/2024 | Law report |